Gender (Record no. 2267)
[ view plain ]
| 000 -LEADER | |
|---|---|
| fixed length control field | 00381 a2200169 4500 |
| 001 - CONTROL NUMBER | |
| control field | 068612 |
| 003 - CONTROL NUMBER IDENTIFIER | |
| control field | OSt |
| 005 - DATE AND TIME OF LATEST TRANSACTION | |
| control field | 20220308124503.0 |
| 008 - FIXED-LENGTH DATA ELEMENTS--GENERAL INFORMATION | |
| fixed length control field | |
| 082 ## - DEWEY DECIMAL CLASSIFICATION NUMBER | |
| Classification number | 305.4201 |
| Item number | C36G |
| 100 1# - MAIN ENTRY--PERSONAL NAME | |
| Personal name | Chanter, Tina |
| 245 1# - TITLE STATEMENT | |
| Title | Gender |
| Statement of responsibility, etc | by Tina Chanter |
| 260 ## - PUBLICATION, DISTRIBUTION, ETC. (IMPRINT) | |
| Place of publication, distribution, etc | London |
| Name of publisher, distributor, etc | Continuum |
| Date of publication, distribution, etc | 2006 |
| 300 ## - PHYSICAL DESCRIPTION | |
| Extent | 176p. |
| 653 ## - INDEX TERM--UNCONTROLLED | |
| Uncontrolled term | English |
| 942 ## - ADDED ENTRY ELEMENTS (KOHA) | |
| Source of classification or shelving scheme | Dewey Decimal Classification |
| Koha item type | Books |
| Withdrawn status | Lost status | Source of classification or shelving scheme | Damaged status | Not for loan | Collection code | Home library | Current library | Date acquired | Source of acquisition | Cost, normal purchase price | Total Checkouts | Full call number | Barcode | Date last seen | Date checked out | Price effective from | Koha item type |
|---|---|---|---|---|---|---|---|---|---|---|---|---|---|---|---|---|---|
| Dewey Decimal Classification | General Text Book | Central University Of Rajasthan | Central University Of Rajasthan | 07/03/2012 | ENG | 1270.27 | 2 | 305.4201 C36G | 2899 | 24/09/2025 | 03/09/2025 | 02/09/2020 | Books |
